| 000 | 00402pab a2200157 454500 | ||
|---|---|---|---|
| 008 | 180718b2006 xxu||||| |||| 00| 0 eng d | ||
| 100 | _aYadav, Subah Singh | ||
| 245 | _aSelf help group movement in Rajasthan: bright prospects | ||
| 260 | _c2006 | ||
| 300 | _ap.26-28. | ||
| 362 | _aSep | ||
| 650 | _aSelf help - India - Rajasthan | ||
| 650 | _aSelf help | ||
| 773 | _aKurukshetra | ||
| 909 | _a71594 | ||
| 999 |
_c71594 _d71594 |
||